Modelovanie spotreby pomocou SUR modelov diplomová práca

Gespeichert in:
Bibliographische Detailangaben
1. Verfasser: Oštrom, Marek
Körperschaft: Fakulta hospodárskej informatiky EU. Katedra operačného výskumu a ekonometrie
Weitere Verfasser: Ivaničová, Zlatica
Format: Buch
Sprache:Slowakisch
Veröffentlicht: Bratislava 2009
Tags: Tag hinzufügen
Keine Tags, Fügen Sie das erste Tag hinzu!

MARC

LEADER 00000nam$a2200000$$$4500
001 0097077
005 20240318134130.5
041 0 |a slo 
044 |a SK 
245 1 0 |a Modelovanie spotreby pomocou SUR modelov  |b diplomová práca  |c Marek Oštrom ; škol. Zlatica Ivaničová 
264 1 |a Bratislava  |c 2009 
300 |a 54 s. 
100 1 |a Oštrom, Marek 
700 1 |a Ivaničová, Zlatica 
710 2 |a Fakulta hospodárskej informatiky EU. Katedra operačného výskumu a ekonometrie